Energy technology : sources, systems and frontier conversion
Αποθηκεύτηκε σε:
| Κύριος συγγραφέας: | |
|---|---|
| Μορφή: | Βιβλίο |
| Γλώσσα: | English |
| Δημοσίευση: |
Yokohama :
Pergamon,
1994
|
| Θέματα: | |
| Ετικέτες: |
Προσθήκη ετικέτας
Δεν υπάρχουν, Καταχωρήστε ετικέτα πρώτοι!
|
MARC
| LEADER | 00000nam a2200000 i 4500 | ||
|---|---|---|---|
| 001 | 1/96303 | ||
| 008 | 941229s1994 eng d | ||
| 020 | |a 0-08-042132-6 | ||
| 035 | |l 10010131 | ||
| 040 | |a GR-MY-UA |b gre |e aacr | ||
| 041 | 0 | |a eng | |
| 082 | 0 | |a 621.042 | |
| 100 | 1 | |a Ohta, Tokio. | |
| 245 | 1 | 0 | |a Energy technology : |b sources, systems and frontier conversion / |c Tokio Ohta |
| 260 | |a Yokohama : |b Pergamon, |c 1994 | ||
| 300 | |a 234 p. | ||
| 504 | |a Includes bibliographical references and index | ||
| 650 | 0 | 0 | |a Power resources. |
| 650 | 0 | 0 | |a Power (Mechanics) |
| 852 | |a INST |b LESVOS |e 19941229 |h 621.042 OHT |p 005100001041 |q 005100001041 |t BK |y 0 | ||
| 909 | |a Λ |b 038186 | ||
| 950 | |a 090-1994-09-06 | ||